Southville International School and Colleges
Your cart is empty.
  • Cart
  • Lists
    Public lists Eva Luna New books Lux_list list_1
    Your lists Log in to create your own lists
  • Log in to your account
  • Your cookies
  • Search history
Southville International School and Colleges
  • Advanced search
  • Recent comments
  • Most popular
  • Libraries

Log in to your account

Log in with GOOGLE


If you do not have an external account, but do have a local account, you can still log in:

  1. Home
  2. MARC view: Rizal without the overcoat
Normal view MARC view ISBD view

Rizal without the overcoat (Record no. 15712)

[ view plain ]
MARC details
000 -LEADER
fixed length control field 01275cam a2200373 a 4500
001 - CONTROL NUMBER
control field 12160978
003 - CONTROL NUMBER IDENTIFIER
control field OSt
005 - DATE AND TIME OF LATEST TRANSACTION
control field 20140310182749.0
008 - FIXED-LENGTH DATA ELEMENTS--GENERAL INFORMATION
fixed length control field 000709s2000 ph a b 000 0beng
010 ## - LIBRARY OF CONGRESS CONTROL NUMBER
LC control number 00280515
020 ## - INTERNATIONAL STANDARD BOOK NUMBER
International Standard Book Number 9789712720642
035 ## - SYSTEM CONTROL NUMBER
System control number (DLC) 00280515
037 ## - SOURCE OF ACQUISITION
Source of stock number/acquisition Library of Congress -- Jakarta Overseas Office
Terms of availability P295.00
040 ## - CATALOGING SOURCE
Original cataloging agency DLC
Transcribing agency DLC
Modifying agency DLC
042 ## - AUTHENTICATION CODE
Authentication code lcode
050 00 - LIBRARY OF CONGRESS CALL NUMBER
Classification number DS 675.8
Item number .Oc15 2008
082 00 - DEWEY DECIMAL CLASSIFICATION NUMBER
Classification number FIL 920
Item number .Oc1 2008
100 1# - MAIN ENTRY--PERSONAL NAME
Personal name Ocampo, Ambeth R.
245 10 - TITLE STATEMENT
Title Rizal without the overcoat
Statement of responsibility, etc Ocampo, Ambeth R.
250 ## - EDITION STATEMENT
Edition statement 2008 ed.
260 ## - PUBLICATION, DISTRIBUTION, ETC. (IMPRINT)
Place of publication, distribution, etc Pasig City, Philippines
Name of publisher, distributor, etc Published and exclusively distributed by Anvil Pub.
Date of publication, distribution, etc c2008
300 ## - PHYSICAL DESCRIPTION
Extent xvi, 254 p.
Other physical details ill.
Dimensions 22 cm.
504 ## - BIBLIOGRAPHY, ETC. NOTE
Bibliography, etc Includes bibliographical references (p. 253-254).
521 ## - TARGET AUDIENCE NOTE
Target audience note
526 ## - STUDY PROGRAM INFORMATION NOTE
Reading level 1210L-1700L
541 ## - IMMEDIATE SOURCE OF ACQUISITION NOTE
-- 1
562 ## - COPY AND VERSION IDENTIFICATION NOTE
Number of copies For circulation. 1 copy available in the collection.
600 10 - SUBJECT ADDED ENTRY--PERSONAL NAME
Personal name Rizal, Jos�e,
Dates associated with a name 1861-1896.
650 #0 - SUBJECT ADDED ENTRY--TOPICAL TERM
Topical term or geographic name as entry element Nationalists
Geographic subdivision Philippines
Form subdivision Biography.
651 #0 - SUBJECT ADDED ENTRY--GEOGRAPHIC NAME
Geographic name Philippines
General subdivision History
Chronological subdivision Revolution, 1896-1898.
906 ## - LOCAL DATA ELEMENT F, LDF (RLIN)
a 7
b cbc
c origode
d 3
e ncip
f 20
g y-gencatlg
942 ## - ADDED ENTRY ELEMENTS (KOHA)
Source of classification or shelving scheme Library of Congress Classification
Koha item type
Call number prefix Filipininana
Holdings
Withdrawn status Lost status Source of classification or shelving scheme Damaged status Home library Current library Shelving location Date acquired Total Checkouts Total Renewals Full call number Barcode Date last seen Date checked out Copy number Price effective from Koha item type
    Library of Congress Classification   College Library College Library Filipiniana Section 07/13/2012 2 7 DS 675.8 .Oc15 2008 c10989 11/25/2019 11/04/2019 1 07/13/2012 Books

Rizal without the overcoat

APA

Ocampo A. R., . (2008). Rizal without the overcoat. Pasig City, Philippines: Published and exclusively distributed by Anvil Pub.

Chicago

Ocampo Ambeth R, . 2008. Rizal without the overcoat. Pasig City, Philippines: Published and exclusively distributed by Anvil Pub.

Harvard

Ocampo A. R., . (2008). Rizal without the overcoat. Pasig City, Philippines: Published and exclusively distributed by Anvil Pub.

MLA

Ocampo Ambeth R, . Rizal without the overcoat. Pasig City, Philippines: Published and exclusively distributed by Anvil Pub. 2008.

  • Place hold
  • Print
  • Cite
  • Add to your cart (remove)
  • Save record
    BIBTEX Dublin Core MARCXML MARC (non-Unicode/MARC-8) MARC (Unicode/UTF-8) MARC (Unicode/UTF-8, Standard) MODS (XML) RIS
  • More searches
    Search for this title in:
    Other Libraries (WorldCat) Other Databases (Google Scholar) Online Stores (Bookfinder.com) Open Library (openlibrary.org)

Exporting to Dublin Core...

SOUTHVILLE LIBRARY

Southville International School and Colleges Library

1281 Tropical Ave. Cor. Luxembourg St., BF Homes International, Las Pinas City

Tel. No. 8256374 / 252358 Loc. 117/146

Powered by Koha